| 000 | 00975nam a22001577a 4500 | ||
|---|---|---|---|
| 003 | OSt | ||
| 005 | 20151207154123.0 | ||
| 008 | 151207b xxu||||| |||| 00| 0 eng d | ||
| 040 | _cRUA | ||
| 082 | _aFIS PHA 2005 B177 Or.1 | ||
| 100 |
_94475 _aPHANG SERIVATHNAK; ផាង សេរីវឌ្ឍនៈ |
||
| 245 | _aThe use rice bran with spinach leaves rice bran with cassavaleaves and rice bran with lid tree leaves on tha growth of ctenopharyngodo idella culture in hapa; ការប្រើប្រាស់ចំណីកន្ទក់ជាមួយស្លឹកត្រកួន កន្ទក់ជាមួយស្លឹកដំឡូងមី និងកន្ទក់ជាមួយស្លឹកកន្ធំថេតទៅលើការលូតលាស់របស់ ត្រីកាបស៊ីស្មៅនៅក្នុងហាប៉ា. | ||
| 260 |
_aPhnom Penh _bRUA _c2005 |
||
| 300 |
_aix; 38p. _bill. _c29cm. |
||
| 942 |
_2ddc _cFIS |
||
| 999 |
_c4175 _d4175 |
||